000 00529pam a2200157a 44500
008 230515b1994 xxu||||| |||| 00| 0 eng d
020 _a0-86132-066-2
041 _aMARATHI
082 _a306.72 DES.
100 _aGHATOLE R N
245 _aGRAMIN SAMAJSHATRA VA SAMUDAIK VIKAS (RURAL SOCIOLOGY AND COMMUNITY DEVELOPMENT (MARATHI)
250 _a2
260 _aNAGPUR
_bMAGNA PUBLISHING CO. LTD.
_c1994
300 _a299
650 _a"SOCIAL SCIENCES,SOCIAL STRUCTURE AND COMMUNITY,RURAL SOCIOLOGY,RURAL AND VILLAGE COMMUNITY"
999 _c541010
_d541010